NFL Chicago Bears 2022-2023 Active Roster - Statistics

General Stats
  • This quiz has been taken 312 times
  • The average score is 20 of 58
Answer Stats
Hint Answer % Correct
QB Justin Fields
100%
WR Darnell Mooney
83%
RB David Montgomery
83%
TE Cole Kmet
81%
RB Khalil Herbert
77%
CB Jaylon Johnson
69%
FS Eddie Jackson
65%
LB Roquan Smith
65%
WR Equanimeous St. Brown
64%
T Braxton Jones
62%
DT Justin Jones
62%
WR Velus Jones Jr.
61%
CB Jaylon Jones
60%
CB Lamar Jackson
59%
K Cairo Santos
56%
SS Jaquan Brisker
49%
QB Trevor Siemian
49%
LB Javin White
46%
G Cody Whitehair
43%
WR Dante Pettis
41%
CB Kyler Gordon
41%
G Teven Jenkins
41%
FB Khari Blasingame
39%
WR Byron Pringle
36%
DE Dominique Robinson
34%
DE Robert Quinn
34%
LS Patrick Scales
33%
P Trenton Gill
33%
LB Jack Sanborn
32%
WR N'Keal Harry
27%
RB Trestan Ebner
26%
T Larry Borom
24%
C Lucas Patrick
24%
C Sam Mustipher
24%
CB Kindle Vildor
23%
FS DeAndre Houston-Carson
21%
LB Nicholas Morrow
20%
FS Eiljah Hicks
19%
TE Ryan Griffin
19%
DE Trevis Gipson
19%
T Riley Reiff
14%
DE Al-Quadin Muhammad
12%
DT Angelo Blackson
10%
LB Matthew Adams
10%
G Alex Leatherwood
9%
G Ja'Tyre Carter
9%
TE Trevon Wesco
9%
CB Josh Blackwell
8%
G Michael Schofield III
8%
DT Mike Pennel Jr.
8%
DT Armon Watts
7%
C Doug Kramer
7%
WR Ihmir Smith-Marsette
7%
SS Dane Cruikshank
6%
FB Jake Tonges
6%
LB Sterling Weatherford
3%
DE Kingsley Jonathan
1%
SS Michael Joseph
1%
No matching quizzes found
Score Distribution
Percent of People with Each Score
Percentile by Number Answered
Your Score History
You have not taken this quiz